-ush Definitions Quiz Stats

 Plays Quiz Updated Aug 6, 2019

Score 0/15 Timer 03:00
0 Plays Today
% Correct
Blush
94.5%
Hush
93.7%
Rush
93.1%
Ambush
92.5%
Slush
92.2%
Crush
88.5%
Gush
86.2%
Mush
83.6%
% Correct
Plush
82.9%
Thrush
81.5%
Qurush
75.4%
Kush
68.9%
Bulrush
66.2%
Tush
58.8%
Namaycush
52%

You're not logged in!

Compare scores with friends on all Sporcle quizzes.
OR
Log In

Sporcle TV

Today on Sporcle TV


Watch our educational content, quiz creation guides, and fun videos on Sporcle TV.

Show Comments

Extras

Top Quizzes Today


Score Distribution

Your Account Isn't Verified!

In order to create a playlist on Sporcle, you need to verify the email address you used during registration. Go to your Sporcle Settings to finish the process.

Report this User

Report this user for behavior that violates our Community Guidelines.

Details: